Statistics for Visitors to the International Space Station by Country

Click here to take the quiz!

General Stats

  • This quiz has been taken 51 times
  • The average score is 14 of 18

Answer Stats

VisitorsCountry% Correct
145United States
100%
46Russia
96%
4France
96%
9Japan
94%
7Canada
94%
5Italy
89%
3Germany
89%
1Great Britain
87%
1Spain
85%
1South Korea
85%
1Sweden
79%
1Belgium
77%
1Netherlands
72%
1Brazil
72%
1Denmark
68%
1South Africa
64%
1Kazakhstan
57%
1Malaysia
38%

Score Distribution

Percentile by Number Answered

Percent of People with Each Score

Your Score History

You have not taken this quiz